Отчет низших учебных заведений Западно-Сибирского учебного округа

Доступно только в Электронных читальных залах Найти на картеНа карте
RUSMARC
00003663nmc2a22002413x 450
001cae365fb-f5e7-4574-b569-9cc5128c890c
00520221004151200.0
100##$a20220601l19031903k l0rusy0189 ca
1010#$arus
102##$aRU
105##$ay###
1222#$ad
2001#$aОтчет низших учебных заведений Западно-Сибирского учебного округа
$j1903 г.
215##$a43 л.
$d36,5х26 см
251##$cДело
300##$aЗападно-Сибирский учебный округ
371##$aДокумент не является опубликованным и широко распространяемым
461#0$1001a74412a3-3cc5-4d21-8f0a-dfe2fbd9e72d
$12001
$aДепартамент народного просвещения Министерства народного просвещения (1803-1917)
$1251
$cФонд
$1852
$j733
462#0$1001352fb67d-0819-46e4-a2f8-0eb37f21ae24
$12001
$aОтчеты учебных заведений Департамента народного просвещения
$1251
$cОпись
$1852
$j204
801#0$aRU
$bРГИА
$c20220601
$gRCR
801#1$aRU
$bГлавНИВЦ
$c20220601
$2rusmarc
801#2$aRU
$bПБ им. Б.Н. Ельцина
$c20221004
$gRCR
$2rusmarc
850##$aРГИА
852##$aРГИА
$eФедеральное казенное учреждение "Российский государственный исторический архив" (РГИА)
$j240
937##$hРГИА
$d12380685
$aASBIBLIO_SCAN
035##$aRusGRCC00044665
856##$uhttp://readingroom.main.prlib.ru/item.aspx?id_node=n179881619&mode=full
Формат отображения